00330nam a2200097 450000500170000008200140001708400250003110000210005624501140007726000410019120260325141119.0 a660.6 NIS 2Colon Classification aNishanth Kumar S aAntineoplastic and Antibiotic molecules associated Bacteria from Entopathogenic Nematodes/'cNishanth Kumar S aCTCRI:bUniversity of Kerala;c2012.